header

Medicare (Record no. 60338)

MARC details
000 -LEADER
fixed length control field 01617nam a2200337 a 4500
082 04 - DEWEY DECIMAL CLASSIFICATION NUMBER
Classification number 368.4/2600973
245 00 - TITLE STATEMENT
Title Medicare
260 ## - PUBLICATION, DISTRIBUTION, ETC. (IMPRINT)
Place of publication Hauppauge, N.Y. :
Name of publisher Nova Science Publishers,
Year of publication c2009.
300 ## - PHYSICAL DESCRIPTION
Number of Pages xi, 114 p.
490 0# - SERIES STATEMENT
Series statement Health care issues, costs and access series
505 0# - FORMATTED CONTENTS NOTE
Formatted contents note The impact of Medicare's payment rates on the volume of services provided by skilled nursing facilities / Congressional Budget Office -- Factors underlying the growth in Medicare's spending for physician's services / Congressional Budget Office -- Improving Medicare efficiency and value / Medicare Payment Advisory Commission -- Medicare : a primer / Jennifer O'Sullivan.
650 #0 - SUBJECT ADDED ENTRY--TOPICAL TERM
Topical Term Medicare.
700 1# - ADDED ENTRY--PERSONAL NAME
Personal name Williamson, Alice R.
856 40 - ELECTRONIC LOCATION AND ACCESS
Uniform Resource Identifier http://site.ebrary.com/lib/rucke/Doc?id=10680980

No items available.

© 2026 Rongo University
Contact us: librarian | system librarian | Rongo university